Web Icons A-Z Quiz Stats

 Plays Quiz Updated Jul 6, 2014

Support Sporcle.
Go Orange.
Score 0/24 Timer 06:00
1 Play Today
Letter Website % Correct
FFacebook
98.7%
AAmazon.com
98.6%
YYahoo!
97.6%
GGoogle
96.6%
TTwitter
96.1%
WWikipedia
92.7%
XXbox
92.2%
IInstagram
84.9%
SSporcle
83.3%
PPinterest
78.9%
OThe Onion
77.3%
HHulu
72.1%
Letter Website % Correct
LLinkedIn
71.1%
EExpedia
70.9%
MMSN
66.9%
NNapster
66.8%
DDropbox
64.8%
Rreddit
55.5%
VVimeo
47.9%
BBlogger
41.7%
ZZappos
34.5%
UUrbanspoon
34.3%
CCollegeHumor
29.1%
JJibJab
20.6%

You're not logged in!

Compare scores with friends on all Sporcle quizzes.
OR
Log In

From the Vault

Last 16 Sweet 16s

by RollTribeAC

It's March, that must mean madness!
Remove Ads.
Support Sporcle.
Get the best of Sporcle when you Go Orange. This ad-free experience offers more features, more stats, and more fun while also helping to support Sporcle. Thank you for becoming a member.

Show Comments

Extras

Top Quizzes Today


Score Distribution

Your Account Isn't Verified!

In order to create a playlist on Sporcle, you need to verify the email address you used during registration. Go to your Sporcle Settings to finish the process.

Report this User

Report this user for behavior that violates our Community Guidelines.

Details: